[Event "CZE-chT U18 Extraliga final-A 1516"]
[Site "Czech Republic"]
[Date "2016.04.24"]
[Round "11.5"]
[White "Helebrand, Frantisek"]
[Black "Skalsky, Alexandr"]
[Result "0-1"]
[WhiteElo "1854"]
[BlackElo "1848"]
[PlyCount "118"]
[EventDate "2015.10.03"]
[EventType "team-tourn"]
[EventRounds "11"]
[EventCountry "CZE"]
[SourceTitle "EXT 2022"]
[Source "ChessBase"]
[SourceDate "2021.10.06"]
[SourceVersion "1"]
[SourceVersionDate "2021.10.06"]
[SourceQuality "1"]
[WhiteTeam "Vlasim U18"]
[BlackTeam "Stare Mesto U18"]
[WhiteTeamCountry "CZE"]
[BlackTeamCountry "CZE"]

1. e4 c5 2. Nc3 Nc6 3. f4 e6 4. Nf3 Nge7 5. g3 d5 6. d3 g6 7. Bg2 Bg7 8. 0-0 0-0 9. Qe1 f5 10. e5 a6 11. Qf2 b6 12. d4 c4 13. h3 b5 14. b3 Bd7 15. bxc4 bxc4 16. Rb1 Qa5 17. Bd2 Qc7 18. g4 Rab8 19. a3 Rxb1 20. Rxb1 Rb8 21. Rxb8+ Qxb8 22. Bc1 Na7 23. Qh4 Qe8 24. a4 Nac6 25. Ba3 h6 26. Ne2 Qf7 27. Ng3 Be8 28. Bf1 Bf8 29. gxf5 Nxf5 30. Nxf5 Qxf5 31. Bxf8 Qxf8 32. c3 Kg7 33. Be2 Ne7 34. Bd1 Qf7 35. Bc2 Qf8 36. Kg2 a5 37. Qg4 Nf5 38. Kf2 Qf7 39. h4 Kh7 40. Nh2 Qf8 41. Nf1 Qa3 42. Bxf5 gxf5 43. Qf3 Qxa4 44. Ng3 Qc2+ 45. Kg1 Qd3 46. Qg2 Qxc3 47. Nxf5 Qe1+ 48. Kh2 exf5 49. Qxd5 Qxh4+ 50. Kg2 Qg4+ 51. Kh2 Qxf4+ 52. Kg1 Qe3+ 53. Kh2 Qf2+ 54. Kh3 Qe3+ 55. Kh2 c3 56. Qb7+ Kg6 57. Qe7 Qf2+ 58. Kh3 Qf3+ 59. Kh2 Qh5+ 0-1

[Event "Vsetin op 40th"]
[Site "Vsetin"]
[Date "2015.07.08"]
[Round "6"]
[White "Krejca, Jakub"]
[Black "Helebrand, Frantisek"]
[Result "1-0"]
[WhiteElo "1946"]
[BlackElo "1841"]
[PlyCount "73"]
[EventDate "2015.07.04"]
[EventType "swiss"]
[EventRounds "9"]
[EventCountry "CZE"]
[SourceTitle "CBM 167 Extra"]
[Source "ChessBase"]
[SourceDate "2015.09.14"]
[SourceVersion "1"]
[SourceVersionDate "2015.09.14"]
[SourceQuality "1"]

1. e4 e6 2. Nc3 d5 3. g3 dxe4 4. Nxe4 Nf6 5. Bg2 Nbd7 6. Nxf6+ Nxf6 7. Nf3 Bd6 8. 0-0 0-0 9. d4 h6 10. c4 c6 11. Re1 Rb8 12. b3 Bb4 13. Bd2 Ba3 14. Qc2 Bd6 15. Rad1 Re8 16. Ne5 Bd7 17. Qc1 Bf8 18. Bf1 Rc8 19. Bd3 Qe7 20. Bb1 c5 21. dxc5 Bc6 22. Nxc6 Rxc6 23. b4 Rcc8 24. Bc3 Nd7 25. Qc2 g6 26. Bb2 Bg7 27. Bxg7 Kxg7 28. Qe4 Nf6 29. Qf3 a5 30. a3 axb4 31. axb4 Red8 32. Rxd8 Rxd8 33. Rd1 Ra8 34. Be4 Ra4 35. Rb1 Nxe4 36. Qxe4 Qd7 37. Qe5+ 1-0

[Event "Ricany op-A"]
[Site "Ricany"]
[Date "2014.08.26"]
[Round "5"]
[White "Kalvach, Ladislav"]
[Black "Helebrand, Frantisek"]
[Result "1-0"]
[WhiteElo "1924"]
[BlackElo "1546"]
[PlyCount "100"]
[EventDate "2014.08.23"]
[EventType "swiss"]
[EventRounds "9"]
[EventCountry "CZE"]
[SourceTitle "EXT 2015"]
[Source "ChessBase"]
[SourceDate "2014.11.20"]
[SourceVersion "1"]
[SourceVersionDate "2014.11.20"]
[SourceQuality "1"]

1. e4 e6 2. d4 d5 3. Nd2 Nf6 4. e5 Nfd7 5. Bd3 c5 6. c3 Nc6 7. Ne2 cxd4 8. cxd4 Bb4 9. 0-0 f6 10. exf6 Nxf6 11. Nf3 0-0 12. a3 Bd6 13. Bf4 Bxf4 14. Nxf4 Ne4 15. g3 Ng5 16. Nxg5 Qxg5 17. Ne2 e5 18. dxe5 Qxe5 19. Qd2 Bh3 20. f4 Qf6 21. Rf2 Ne5 22. Nc3 Ng4 23. Nxd5 Qd6 24. Re2 Rad8 25. Rd1 Qc5+ 26. Ne3 Rfe8 27. Bc4+ Kf8 28. Qxd8 Rxd8 29. Rxd8+ Ke7 30. Rd5 Qb6 31. Rb5 Qd4 32. Rg5 Qb6 33. b4 Nxe3 34. Re5+ Kf8 35. R2xe3 Qd4 36. Bf1 Bxf1 37. Kxf1 Qa1+ 38. Kg2 Qa2+ 39. Kh3 Qc4 40. Kg4 Qc2 41. Re6 Kf7 42. Re7+ Kf8 43. h4 Qd1+ 44. Re2 Qd5 45. f5 Qd6 46. R2e4 Qd1+ 47. Kg5 h6+ 48. Kg6 Qd6+ 49. Kh7 Qxg3 50. Rxb7 Qxh4 1-0

[Event "Mlada Boleslav Region-ch U20"]
[Site "Mlada Boleslav"]
[Date "2014.06.22"]
[Round "6"]
[White "Homola, Martin"]
[Black "Helebrand, Frantisek"]
[Result "0-1"]
[WhiteElo "1448"]
[BlackElo "1546"]
[PlyCount "108"]
[EventDate "2014.06.21"]
[EventType "swiss"]
[EventRounds "7"]
[EventCountry "CZE"]
[SourceTitle "EXT 2016"]
[Source "ChessBase"]
[SourceDate "2015.10.08"]
[SourceVersion "1"]
[SourceVersionDate "2015.10.08"]
[SourceQuality "1"]

1. e4 e6 2. d4 d5 3. Nc3 Bb4 4. Nge2 dxe4 5. a3 Bxc3+ 6. Nxc3 Nf6 7. Bg5 c6 8. Nxe4 Nbd7 9. Nd6+ Kf8 10. Qf3 Qa5+ 11. Bd2 Qd5 12. Qxd5 Nxd5 13. 0-0-0 Ke7 14. Ne4 N7f6 15. f3 h6 16. Bc4 Rd8 17. Nxf6 Nxf6 18. Bb4+ Ke8 19. Rhe1 b6 20. h3 a5 21. Bc3 Kf8 22. g4 b5 23. Bd3 Bb7 24. Be4 Nd5 25. Bxd5 cxd5 26. f4 Rdc8 27. Re2 Rc4 28. Be1 b4 29. axb4 axb4 30. b3 Ra1+ 31. Kd2 Rxd4+ 32. Ke3 Raxd1 33. Bd2 Re4+ 34. Kd3 Ba6+ 35. c4 bxc3+ 36. Kxc3 Rxe2 37. Kb4 Rexd2 38. f5 Rb2 39. fxe6 fxe6 40. g5 Rdb1 41. gxh6 gxh6 42. h4 Rxb3+ 43. Kc5 Rc3+ 44. Kd6 Rb6+ 45. Ke5 Re3+ 46. Kd4 Re4+ 47. Kc3 Rbb4 48. Kc2 Re3 49. h5 Rh4 50. Kd2 Re2+ 51. Kc3 Re3+ 52. Kd2 Rg3 53. Ke1 Rh2 54. Kd1 Rg1# 0-1

[Event "Kouty nad Desnou op-B"]
[Site "Kouty nad Desnou"]
[Date "2014.03.10"]
[Round "3"]
[White "Helebrand, Frantisek"]
[Black "Martirosyan, Artyom"]
[Result "1/2-1/2"]
[WhiteElo "1679"]
[BlackElo "1000"]
[PlyCount "51"]
[EventDate "2014.03.08"]
[EventType "swiss"]
[EventRounds "9"]
[EventCountry "CZE"]
[SourceTitle "EXT 2015"]
[Source "ChessBase"]
[SourceDate "2014.11.20"]
[SourceVersion "1"]
[SourceVersionDate "2014.11.20"]
[SourceQuality "1"]

1. e4 c5 2. Nf3 Nc6 3. d4 cxd4 4. Nxd4 g6 5. Nc3 Bg7 6. Be3 d6 7. Bc4 Nf6 8. h3 Qa5 9. 0-0 Qb4 10. Bb3 Nxe4 11. Nxc6 bxc6 12. a3 Nxc3 13. Bxf7+ Kf8 14. Qf3 Qe4 15. Bd5+ Qxf3 16. Bxf3 Nb5 17. Bxc6 Rb8 18. c3 Be6 19. Rfe1 Kf7 20. Re2 Rhc8 21. Bxb5 Rxb5 22. Bxa7 Bf6 23. a4 Rxb2 24. Rxb2 Bxc3 25. Rbb1 Bxa1 26. Rxa1 1/2-1/2

[Event "Mlada Boleslav Region-ch U20"]
[Site "Mlada Boleslav"]
[Date "2013.06.22"]
[Round "1"]
[White "Feldstein, Stepan"]
[Black "Helebrand, Frantisek"]
[Result "1/2-1/2"]
[WhiteElo "1250"]
[BlackElo "1474"]
[PlyCount "67"]
[EventDate "2013.06.22"]
[EventType "swiss"]
[EventRounds "7"]
[EventCountry "CZE"]
[SourceTitle "EXT 2015"]
[Source "ChessBase"]
[SourceDate "2014.11.20"]
[SourceVersion "1"]
[SourceVersionDate "2014.11.20"]
[SourceQuality "1"]

1. e4 e6 2. Nf3 d5 3. exd5 exd5 4. g3 Nf6 5. Bg2 Bd6 6. d3 0-0 7. 0-0 Be6 8. Nc3 c6 9. d4 Nbd7 10. Be3 Re8 11. Re1 h6 12. a3 Bg4 13. Qd3 Ne4 14. Bd2 Ndf6 15. Nh4 Nxd2 16. Rxe8+ Qxe8 17. Qxd2 Qd7 18. Qe3 Re8 19. Qd2 Qe7 20. Nf3 Qd7 21. Re1 Rxe1+ 22. Qxe1 Qe6 23. Qxe6 Bxe6 24. b4 a6 25. Ne2 Ne4 26. c3 Bg4 27. Kf1 f6 28. Ke1 Kf7 29. Nd2 Nxd2 30. Kxd2 Ke6 31. Ke3 g5 32. f3 Bh5 33. g4 Bg6 34. h3 1/2-1/2